| 000 | 01288nam a22002537a 4500 | ||
|---|---|---|---|
| 005 | 20080625141927.0 | ||
| 008 | 080625t xxu||||| |||| 00| f hin d | ||
| 010 | _aHIN-83630 | ||
| 020 | _c150.00 | ||
| 035 | _aHN-55976 | ||
| 037 | _bपु.प्र.अ.प्र./प्रका | ||
| 040 |
_aDPL _bHN |
||
| 082 | _aउ / महेन्द्र | ||
| 100 | _aमहेन्द्र 'रज्जन' | ||
| 245 |
_aएक बस्ती- एक दुनियाः _b(उपन्यास) / _cमहेन्द्र 'रज्जन' |
||
| 246 |
_aEk basti ek duniya _bby Mahendra ' Rajjan ' |
||
| 260 |
_aइलाहाबाद _bसीमा प्रकाशन _c2006 |
||
| 270 |
_a542, खलासी लाइन, कीडगंज _bइलाहाबाद _e211003 |
||
| 300 |
_a152पृ _c22सेमी(सजिल्द) |
||
| 500 | _aसमान ISBN 8190246399 शीर्षक ' प्यारे प्यारे भाई ' | ||
| 650 | _aHindi Novels | ||
| 942 |
_cHN _2ddc _hउ _mमहेन्द् |
||
| 999 |
_c13996 _d13996 |
||